000 00807nam a2200241 c 4500
005 20201124130127.0
008 120830s2015 nyua|||gr|||| 00| 0 eng d
020 _a9789339221249
020 _a978007352418
040 _aCO-BoUCM
_bspa
_cDeissy Garcia
_dDeissy Garcia
041 0 _aeng
100 1 _aPechenik, Jan A.
_9101375
245 _aBiology of the Invertebrates
_cJan A. Pechenik
250 _a7a.Ed.
260 _aNueva York
_bMcGraw-Hill
_c2015
300 _axv, 606 páginas
_bilustraciones
504 _aIncluye referencias bibliográficas e índices
650 1 7 _aInvertebrados
_xFisiología
_9101718
650 7 _aInvertebrados
_xEvolución
_9101716
650 7 _aInvertebrados
_xAnatomía
_9101717
942 _cLIBRO
_2DEWEY
_a25
_e7
_h592
_mP365b
_n0
999 _c318200
_d318200